MAASAI MARA UNIVERSITY

LIBRARY CATALOGUE

Contact Us: +254 020 2685356/7 or 0774 057787

Box: 861-20500, NAROK, KENYA

Email: info@mmarau.ac.ke

Ukuzaji wa miti na bustani kwa ustawishaji maisha : (Record no. 2828)

MARC details
000 -LEADER
fixed length control field 00468nam a22001457a 4500
003 - CONTROL NUMBER IDENTIFIER
control field OSt
005 - DATE AND TIME OF LATEST TRANSACTION
control field 20210712102715.0
008 - FIXED-LENGTH DATA ELEMENTS--GENERAL INFORMATION
fixed length control field 160115b xxu||||| |||| 00| 0 eng d
040 ## - CATALOGING SOURCE
Original cataloging agency MMU
Language of cataloging eng
Transcribing agency MMU
Modifying agency MMU
100 ## - MAIN ENTRY--PERSONAL NAME
9 (RLIN) 397
Personal name Moir, Katherine
245 ## - TITLE STATEMENT
Title Ukuzaji wa miti na bustani kwa ustawishaji maisha :
Remainder of title vidokezo kwa ukuzaji wavitalu bora na bustani za nyumbani/
Statement of responsibility, etc. Katherine Moir
260 ## - PUBLICATION, DISTRIBUTION, ETC. (IMPRINT)
Place of publication, distribution, etc. Nairobi :
Name of publisher, distributor, etc. Jacaranda,
Date of publication, distribution, etc. 2007.
300 ## - PHYSICAL DESCRIPTION
Extent 87 p. :
942 ## - ADDED ENTRY ELEMENTS (KOHA)
Source of classification or shelving scheme Library of Congress Classification
Koha item type L
Holdings
Withdrawn status Lost status Source of classification or shelving scheme Damaged status Not for loan Home library Current library Date acquired Source of acquisition Total Checkouts Full call number Barcode Date last seen Price effective from Koha item type
    Library of Congress Classification     Maasai Mara University Library -Main Campus Maasai Mara University Library -Main Campus 01/15/2016 Donation   SB435.6 .M61 2007 20116656 01/15/2016 01/15/2016 L
© 2016 Maasai Mara University.